[Event "Rio Branco op 2nd"]
[Site "Rio Branco"]
[Date "2019.04.21"]
[Round "5"]
[White "Filho, Paulo Roberto do N"]
[Black "De Oliveira, Luiz Carlos"]
[Result "1-0"]
[WhiteElo "1536"]
[BlackElo "1459"]
[PlyCount "75"]
[EventDate "2019.04.19"]
[EventType "swiss"]
[EventRounds "6"]
[EventCountry "BRA"]
[SourceTitle "CBM 190 Extra"]
[Source "ChessBase"]
[SourceDate "2019.07.15"]
[SourceVersion "1"]
[SourceVersionDate "2019.07.15"]
[SourceQuality "1"]

1. d4 d5 2. c4 c6 3. Nc3 Nf6 4. Bg5 Bf5 5. Qb3 b6 6. Bxf6 gxf6 7. cxd5 cxd5 8. Qxd5 Qxd5 9. Nxd5 Kd7 10. e3 Nc6 11. a3 Bg7 12. f3 e6 13. Nc3 Ke7 14. b4 Rhd8 15. Bb5 Rac8 16. Nge2 Nb8 17. 0-0 a6 18. Ba4 b5 19. Bb3 Bh6 20. f4 Nd7 21. h3 Nb6 22. g4 Bd3 23. Rfd1 Bg6 24. h4 Nc4 25. Kf2 Bg7 26. h5 Nb2 27. Rd2 Nc4 28. Bxc4 bxc4 29. hxg6 fxg6 30. Ne4 h5 31. gxh5 gxh5 32. Nc5 e5 33. Ng3 Rh8 34. Nf5+ Kf8 35. Ne6+ Kf7 36. Nexg7 Rcg8 37. Rg1 h4 38. dxe5 1-0

[Event "Rio Branco op 2nd"]
[Site "Rio Branco"]
[Date "2019.04.19"]
[Round "2"]
[White "Da Silva, Ricardo Moura"]
[Black "Filho, Paulo Roberto do N"]
[Result "1-0"]
[WhiteElo "1903"]
[BlackElo "1536"]
[PlyCount "66"]
[EventDate "2019.04.19"]
[EventType "swiss"]
[EventRounds "6"]
[EventCountry "BRA"]
[SourceTitle "CBM 190 Extra"]
[Source "ChessBase"]
[SourceDate "2019.07.15"]
[SourceVersion "1"]
[SourceVersionDate "2019.07.15"]
[SourceQuality "1"]

1. e4 c5 2. Nf3 d6 3. Nc3 Nf6 4. Be2 g6 5. 0-0 Bg7 6. d3 0-0 7. Bg5 Nc6 8. Qd2 a6 9. h3 Qc7 10. Rfe1 b5 11. Rab1 Be6 12. a3 Rac8 13. Bh6 b4 14. Na4 Qa5 15. Bxg7 Kxg7 16. b3 bxa3 17. Qxa5 Nxa5 18. Ra1 Nc6 19. Rxa3 Rb8 20. Rea1 Nb4 21. Bd1 Rfc8 22. Nc3 d5 23. exd5 Nfxd5 24. Nxd5 Bxd5 25. Ne1 e5 26. c3 Nc6 27. c4 Be6 28. Rxa6 Nb4 29. R1a5 Bf5 30. Be2 e4 31. dxe4 Bxe4 32. f3 Nc2 33. fxe4 Nxe1 1-0